Literature - European | 2 | 6 | 0 | 0 | 90 | 58 | 83.88 | 0 | 0 |
RMP - Philosophy | 0 | 8 | 0 | 0 | 80 | 69 | 86.63 | 0 | 1 |
Literature - American | 0 | 7 | 0 | 0 | 70 | 69 | 99.57 | 0 | 0 |
History - American | 2 | 4 | 0 | 0 | 70 | 19 | 70.33 | 1 | 2 |
Literature - World and Miscellaneous | 0 | 6 | 0 | 0 | 60 | 95 | 104.17 | 0 | 0 |
Literature - British | 1 | 4 | 0 | 0 | 55 | 71 | 100.60 | 0 | 0 |
RMP - World Mythology | 3 | 1 | 0 | 0 | 55 | 45 | 57.25 | 1 | 3 |
History - Cross, Historiography, and Miscellaneous | 2 | 2 | 0 | 0 | 50 | 35 | 73.50 | 0 | 2 |
RMP - Greco-Roman Mythology | 3 | 0 | 0 | 0 | 45 | 13 | 24.33 | 0 | 3 |
History - European | 1 | 3 | 0 | 0 | 45 | 54 | 72.25 | 0 | 0 |
Other - Other Academic and General Knowledge | 1 | 2 | 0 | 0 | 35 | 56 | 90.67 | 0 | 1 |
Science - Physics | 0 | 3 | 0 | 0 | 30 | 89 | 109.33 | 0 | 0 |
Fine Arts - Music | 0 | 2 | 0 | 0 | 20 | 82 | 88.50 | 0 | 0 |
Fine Arts - Painting | 0 | 2 | 0 | 0 | 20 | 59 | 80.00 | 0 | 0 |
Science - Math | 0 | 2 | 0 | 0 | 20 | 87 | 106.00 | 0 | 0 |
Social Science - Sociology | 0 | 1 | 0 | 0 | 10 | 120 | 120.00 | 0 | 0 |
Fine Arts - Film | 0 | 1 | 0 | 0 | 10 | 142 | 142.00 | 0 | 0 |
Fine Arts - Opera | 0 | 1 | 0 | 0 | 10 | 128 | 128.00 | 0 | 0 |
Fine Arts - Sculpture | 0 | 1 | 0 | 0 | 10 | 75 | 75.00 | 0 | 0 |
Geography - United States | 0 | 1 | 0 | 0 | 10 | 88 | 88.00 | 0 | 0 |
Geography - World | 0 | 1 | 0 | 0 | 10 | 93 | 93.00 | 0 | 0 |
RMP - East Asian Religion | 0 | 1 | 0 | 0 | 10 | 99 | 99.00 | 0 | 0 |
RMP - Hinduism | 0 | 1 | 0 | 0 | 10 | 71 | 71.00 | 0 | 0 |
Science - Biology | 0 | 1 | 0 | 0 | 10 | 111 | 111.00 | 0 | 0 |
Science - Chemistry | 0 | 1 | 0 | 0 | 10 | 102 | 102.00 | 0 | 0 |
Science - Computer Science | 0 | 1 | 0 | 0 | 10 | 115 | 115.00 | 0 | 0 |
Science - Earth | 0 | 1 | 0 | 0 | 10 | 112 | 112.00 | 0 | 0 |
Social Science - Economics | 0 | 1 | 0 | 0 | 10 | 85 | 85.00 | 0 | 0 |
Current Events - U.S. | 0 | 1 | 0 | 0 | 10 | 82 | 82.00 | 0 | 0 |
Social Science - Psychology | 0 | 0 | 0 | 0 | 0 | | 0.00 | 0 | 0 |
Social Science - Linguistics | 0 | 0 | 0 | 0 | 0 | | 0.00 | 0 | 0 |
Fine Arts - Miscellaneous | 0 | 0 | 0 | 0 | 0 | | 0.00 | 0 | 0 |
Fine Arts - Ballet/Dance | 0 | 0 | 0 | 0 | 0 | | 0.00 | 0 | 0 |